| 000 | 00836cam a2200193 4500 | ||
|---|---|---|---|
| 001 | WB3613-07 | ||
| 008 | 000000n2000 000 0 eng u | ||
| 035 | _a(Sirsi) u105029 | ||
| 245 | _aPFI financing conflict | ||
| 260 | _c2000 | ||
| 490 |
_aFinancial Times _v 24 March 2000, 6(1) |
||
| 520 | _aMPs feel that Partnerships UK should not be allowed directly to finance private finance initiative schemes when it takes over from the Treasury PFI taskforce, as there is a risk of conflict of interest. The publication "The Private Finance Initiative. Treasury Committee 4th report" is available from The Stationery Office. £17. | ||
| 590 | _aWB | ||
| 650 | _aPARTNERSHIPS UK | ||
| 650 | _aPFI | ||
| 650 | _aCONFLICT OF INTEREST | ||
| 690 | _aPROPERTY-COMMERCIAL PROPERTY-COMMERCIAL PROPERTY FINANCE AND INVESTMENT | ||
| 942 | _n0 | ||
| 999 |
_c62991 _d62991 |
||